Podnikateľský plán vo vybranom podniku bakalárska práca

Salvato in:
Dettagli Bibliografici
Autore principale: Kovácsová, Janette
Ente Autore: Fakulta podnikového manažmentu EU. Katedra manažmentu
Altri autori: Zagoršek, Branislav, 1984-
Natura: Libro
Lingua:slovacco
Pubblicazione: Bratislava 2020
Tags: Aggiungi Tag
Nessun Tag, puoi essere il primo ad aggiungerne!!

MARC

LEADER 00000nbm a2200000 4500
001 0266227
005 20201127095728.1
041 0 |a slo 
044 |a SK 
245 1 0 |a Podnikateľský plán vo vybranom podniku  |b bakalárska práca  |c Janette Kovácsová ; školiteľ: Branislav Zagoršek 
264 1 |a Bratislava  |c 2020 
300 |a 66 s. 
100 1 |a Kovácsová, Janette 
700 1 |a Zagoršek, Branislav, 1984- 
710 2 |a Fakulta podnikového manažmentu EU. Katedra manažmentu